| 000 | 00407nam a2200145Ia 4500 | ||
|---|---|---|---|
| 008 | 211109s9999||||xx |||||||||||||| ||und|| | ||
| 082 |
_a338.9 _bSUB-S |
||
| 100 | _aSubba Rao, N S | ||
| 245 | 0 | _aSome Aspects of Economic Planning | |
| 260 |
_bBangalore Social Association Trust _aBangalore _c1935 |
||
| 300 | _a270p. | ||
| 630 | _xGeneral Stack | ||
| 650 |
_aProduction _vPlanning _xEconomics |
||
| 942 | _cBOOK | ||
| 999 |
_c10699 _d10699 |
||